Transcendence and transformation : (Record no. 38573)
[ view plain ]
| 000 -LEADER | |
|---|---|
| fixed length control field | 00649nam a22002057a 4500 |
| 005 - DATE AND TIME OF LATEST TRANSACTION | |
| control field | 20260128083528.0 |
| 008 - FIXED-LENGTH DATA ELEMENTS--GENERAL INFORMATION | |
| fixed length control field | 150701s2004 hk e||||| |||| 0chi0 eng d |
| 020 ## - INTERNATIONAL STANDARD BOOK NUMBER | |
| International Standard Book Number | 9789622086043 (平裝) : |
| 041 0# - LANGUAGE CODE | |
| Language code of text/sound track or separate title | chi |
| 050 04 - LIBRARY OF CONGRESS CALL NUMBER | |
| Classification number | BT75.3 |
| Item number | H98 |
| 100 1# - MAIN ENTRY--PERSONAL NAME | |
| Personal name | Hsu, John D. L. |
| 245 ## - TITLE STATEMENT | |
| Title | Transcendence and transformation : |
| Remainder of title | a concise Christian systematic theology {ch} / |
| Statement of responsibility, etc | John D. L. Hsu. |
| 250 ## - EDITION STATEMENT | |
| Edition statement | 1st ed. |
| 260 ## - PUBLICATION, DISTRIBUTION, ETC. (IMPRINT) | |
| Place of publication, distribution, etc | 香港 : |
| Name of publisher, distributor, etc | 天書書樓, |
| Date of publication, distribution, etc | 2004. |
| 300 ## - PHYSICAL DESCRIPTION | |
| Extent | iv, 283p. ; |
| Dimensions | 21cm. |
| 440 ## - SERIES STATEMENT/ADDED ENTRY--TITLE | |
| Title | Theological Education Series |
| 504 ## - BIBLIOGRAPHY, ETC. NOTE | |
| Bibliography, etc | Includes bibliographical references. |
| 650 ## - SUBJECT ADDED ENTRY--TOPICAL TERM | |
| Topical term or geographic name as entry element | Theology, Doctrinal {ch}. |
| 942 ## - ADDED ENTRY ELEMENTS (KOHA) | |
| Source of classification or shelving scheme | Library of Congress Classification |
| Item type | Books |
| Withdrawn status | Lost status | Source of classification or shelving scheme | Damaged status | Not for loan | Home library | Current library | Shelving location | Date acquired | Accession number | Total Checkouts | Full call number | Barcode | Date last seen | Price effective from | Koha item type | Source of acquisition | Copy number | Public note |
|---|---|---|---|---|---|---|---|---|---|---|---|---|---|---|---|---|---|---|
| Library of Congress Classification | BSOP Library | BSOP Library | Chinese Books (General Circulation) | 07/01/2015 | C-13064 | BT75.3 H98 | 00045465 | 07/01/2015 | 07/01/2015 | Books | ||||||||
| Library of Congress Classification | BSOP Library | BSOP Library | Chinese Books (General Circulation) | 08/26/2025 | C-16101 | BT75.3 H98 | 00063143 | 01/28/2026 | 01/28/2026 | Books | Donation | c.2 | Tien Dao |
